Normal view
MARC view
Entry Nombre personal
001 - NÚMERO DE CONTROL
- campo de control: 18108
003 - IDENTIFICADOR DEL NÚMERO DE CONTROL
- campo de control: OSt
005 - FECHA Y HORA DE LA ÚLTIMA TRANSACCIÓN
- campo de control: 20200615032626.0
008 - DATOS DE LONGITUD FIJA
- campo de control de longitud fija: 200615|| aca||aabn | a|a d
040 ## - FUENTE DE LA CATALOGACIÓN
- Centro catalogador/agencia de origen: OSt
- Centro/agencia transcriptor: OSt
100 ## - ENCABEZAMIENTO-NOMBRE DE PERSONA
- Nombre de persona: DRAKE, FRANCIS,
- Títulos y otros términos asociados al nombre: SIR,
- Fechas asociadas al nombre: 1540?-1596
- Subdivisión general: VIAJES
- Subdivisión geográfica: PANAMÁ
670 ## - FUENTE DE DATOS ENCONTRADOS
- Cita de la fuente: Work cat.: (OSt)6315: González-Arnao Conde-Luque, Mariano. 18106, Derrota y muerte de Sir Francis Drake, a Coruña 1589-Portobelo 1596 /, [1995].
